Journal of business ethics
Enregistré dans:
| Format: | Publication en série |
|---|---|
| Langue: | anglais |
| Publié: |
Dordrecht
Kluver Academ. Publ.
1995
|
| Sujets: | |
| Tags: |
Pas de tags, Soyez le premier à ajouter un tag!
|
MARC
| LEADER | 00000nas2a2200000 4500 | ||
|---|---|---|---|
| 001 | s102324 | ||
| 005 | 20240109100555.1 | ||
| 022 | |a 0167-4544 | ||
| 041 | 0 | |a eng | |
| 044 | |a NL | ||
| 245 | 1 | 0 | |a Journal of business ethics |
| 264 | 1 | |a Dordrecht |b Kluver Academ. Publ. |c 1995 | |
| 300 | |a 2 zv. | ||
| 773 | 0 | |w eu_un_cat*s120816 | |
| 610 | 2 | 0 | |a etika podnikateľská |
| 610 | 2 | 0 | |a etika |